| 000 | 00576cam a2200241ua 4500 | ||
|---|---|---|---|
| 041 |
_aeng _h |
||
| 082 |
_a690.0223 _bSHA/BU |
||
| 100 | _aShah, M.G . | ||
| 245 |
_aBuilding drawing / _cM.G.Shah. _hTextual Documents |
||
| 250 |
_a2 / _b. |
||
| 260 |
_a : _bTata Mc-Graw Hill Publishing Company , _c1990. |
||
| 300 | _a203 ; . | ||
| 504 | _a | ||
| 700 | 1 | _aKale, C.M . | |
| 700 | 1 | _aPatki, S Y . | |
| 942 | _cBK | ||
| 999 |
_c2483 _d2483 |
||